| 000 | 00979nam a22003610a 4500 | ||
|---|---|---|---|
| 001 | UByD001358 | ||
| 003 | AR-LpoUNG | ||
| 005 | 20230415112009.0 | ||
| 008 | 230414s2022||||ag |||||||||||||||||spa d | ||
| 020 | _a9789503420881 | ||
| 040 |
_aAR-LpoUNG _bspa _cAR-LpoUNG _eaacr |
||
| 041 | _aspa | ||
| 044 | _aag | ||
| 082 | 0 | _aA861 649poe | |
| 245 | 1 | 0 |
_aPoesía argentina y Malvinas: _buna antología (1833-2022) |
| 250 | _a1ra. ed. | ||
| 260 |
_aLa Plata: _bUniversidad Nacional de La Plata, _c2022. |
||
| 300 | _a566 p. | ||
| 650 | 4 | _aARGENTINA | |
| 650 | 4 | _aLITERATURA | |
| 650 | 4 | _aPOESIA | |
| 650 | 4 | _aHISTORIA | |
| 650 | 4 | _aASPECTOS SOCIALES | |
| 650 | 4 | _aASPECTOS POLITICOS | |
| 650 | 4 | _aGUERRA | |
| 650 | 4 | _aCULTURA | |
| 653 | 4 | _aLITERATURA ARGENTINA | |
| 653 | 4 | _aGUERRA DE MALVINAS | |
| 700 | 1 |
_aFoffani, Enrique _ecoord. _esel. _epref. _eposf. |
|
| 700 | 1 |
_aTorres, Victoria _ecoord. _esel. _epref. _eposf. |
|
| 905 | _a55265 | ||
| 942 |
_cLIB _2ddc |
||
| 999 |
_c63915 _d63915 |
||